Komunikačný mix vybraného podnikateľského subjektu bakalárska práca

Gespeichert in:
Bibliographische Detailangaben
1. Verfasser: Buday, Marcel
Körperschaft: Podnikovohospodárska fakulta EU so sídlom v Košiciach. Katedra obchodného podnikania
Weitere Verfasser: Kopčáková, Janka, 1994-
Format: Buch
Sprache:Slowakisch
Veröffentlicht: Košice 2023
Tags: Tag hinzufügen
Keine Tags, Fügen Sie das erste Tag hinzu!

MARC

LEADER 00000nbm a2200000 4500
001 0294369
005 20240619091347.6
041 0 |a slo 
044 |a SK 
245 1 0 |a Komunikačný mix vybraného podnikateľského subjektu  |b bakalárska práca  |c Marcel Buday ; školiteľ: Janka Kopčáková 
264 1 |a Košice  |c 2023 
300 |a 51 s. 
100 1 |a Buday, Marcel 
700 1 |a Kopčáková, Janka, 1994- 
710 2 |a Podnikovohospodárska fakulta EU so sídlom v Košiciach. Katedra obchodného podnikania